Sociologie de la famille (notice n° 2198763)
[ vue normale ]
| 000 -LEADER | |
|---|---|
| fixed length control field | 01861cam a2200145 4500500 |
| 005 - DATE AND TIME OF LATEST TRANSACTION | |
| control field | 20260405085604.0 |
| 041 ## - LANGUAGE CODE | |
| Language code of text/sound track or separate title | fre |
| 042 ## - AUTHENTICATION CODE | |
| Authentication code | dc |
| 100 10 - MAIN ENTRY--PERSONAL NAME | |
| Personal name | Segalen, Martine |
| Relator term | author |
| 245 00 - TITLE STATEMENT | |
| Title | Sociologie de la famille |
| 260 ## - PUBLICATION, DISTRIBUTION, ETC. | |
| Name of publisher, distributor, etc. | Armand Colin,<br/> |
| Date of publication, distribution, etc. | 2019.<br/> |
| 520 ## - SUMMARY, ETC. | |
| Summary, etc. | Peu d’institutions sont à la fois aussi explorées et mal connues que la famille. Celle-ci fait l’objet d’un discours politique et médiatique qui se renouvelle sans cesse, sans jamais s’épuiser ; chacun de nous est tenté par ailleurs de juger de la famille à partir de la connaissance intime, mais nécessairement partielle, voire partiale qu’il en a… Tout en conservant les développements historiques en raison de leur intérêt théorique et méthodologique, cette neuvième édition continue de discuter les liens entre institution familiale, questions migratoires ou relatives au travail et à l’emploi, politiques publiques. À côté de ces thèmes classiques, elle intègre des débats neufs relatifs à la montée de l’individualisme, à l’émergence de la question du genre ou du rôle d’Internet. Elle donne un large écho aux discussions relatives au « mariage pour tous », comme à celles qui concernent les nouvelles techniques et pratiques de reproduction qui transforment profondément le champ de la filiation. À l’aide de données statistiques remises à jour, elle compare l’évolution respective de la situation de l’institution familiale dans le cadre européen. S’appuyant sur un ensemble de travaux neufs, grandes enquêtes longitudinales ou travaux plus pointus d’anthropologie, la neuvième édition de ce classique offre une vision renouvelée du champ familial. |
| 700 10 - ADDED ENTRY--PERSONAL NAME | |
| Personal name | Martial, Agnès |
| Relator term | author |
| 856 41 - ELECTRONIC LOCATION AND ACCESS | |
| Uniform Resource Identifier | <a href="https://shs.cairn.info/sociologie-de-la-famille--9782200624743?lang=fr&redirect-ssocas=7080">https://shs.cairn.info/sociologie-de-la-famille--9782200624743?lang=fr&redirect-ssocas=7080</a> |
Pas d'exemplaire disponible.




Réseaux sociaux